| 000 | 02384nam a2200301 i 4500 | ||
|---|---|---|---|
| 001 | 000010809 | ||
| 003 | DO-SdBNP | ||
| 005 | 20240305081128.0 | ||
| 007 | ta | ||
| 008 | 091012e2001 dr acg fr 001 mdspa d | ||
| 020 | _a9993402168 | ||
| 040 |
_aDO-SdBNP _bspa _cBNPHU _erda |
||
| 082 | 4 |
_a781.628 _bH731c _222 |
|
| 100 | 1 |
_aHolguín Veras, Miguel A., _d1927-2007 _913921 |
|
| 245 | 1 | 0 |
_aCanciones antiguas dominicanas : _banálisis acerca de su autoría / _cMiguel Holguín Veras ; introducción, Arístides Incháutegui. |
| 264 |
_aSanto Domingo : _bAcadémia de Ciencias de la República Dominicana, _c2001. |
||
| 300 |
_a174 páginas : _bilustraciones, retratos y música ; _c28 cm. |
||
| 336 |
_2rdacontent _atexto _btxt |
||
| 337 |
_2rdamedia _asin mediación _bn |
||
| 338 |
_2rdacarrier _avolumen _bnc |
||
| 500 | _aIncluye datos biográficos del autor en la solapa de la cubierta. | ||
| 505 |
_aAgradecimiento.-- Palabras Introductoria.-- Presentación. _t"En el Fondo del Mar".-- "Serenata".-- "Incertidumbre".-- "Renunciación".-- "Imposible".-- "Desesperanza".-- "Anhelos".-- "Ella es así".-- "Trigueña".-- "Mis deleites".-- "Ven a mí".-- "Ante una tumba".-- Estrella mía".-- "Para tí".-- "El silfo".-- "Dile así".--- "Visión".-- "Persuasión".-- "Resignación".-- "Dime".-- "Tus cabellos".-- "En tu natalicio".-- "Necesito olvidar".-- "Perfidia".-- "Desesperación".-- "No sé".-- Bucolia.-- "Invitación".-- "En el silencio de la noche".-- La voz de mi dolor".-- _t"A Juanita".-- "La Paloma Blanca".-- "Nunca".-- "Esperanzas".-- "Adoración".-- "Cruel destino".-- "Del pensil indiano.".-- "Así es mi amor".-- "De claveles y jazmines".-- "Anhelando".-- "Nadie sabe".-- "Mi bien querido".-- "Déjame volver al nido".-- "Sin igual".-- "Ilusiones perdidas".-- "Ya soy feliz."-- "La flor que cogiste".-- "Piedad".-- "Flor entre flores".-- "Arroyuelo cristalino".-- Apéndice".-- Biografías.-- Canciones en el álbum.-- Autores de textos, en orden alfabético.-- Cuadro de Compositores y/o autores de la canciones incluidas en el estudio, con mención del número de composición de cuya autoría participa.-- Bibliografía mínima. |
||
| 590 | _aInventariado 2023 / MF | ||
| 650 | 4 |
_aCanciones folclóricas dominicanas _xHistoria y crítica _926118 |
|
| 700 |
_aIncháutegui, Arístides, _d1938- _926119 _eintroducción |
||
| 910 | _aBtavárez | ||
| 942 |
_2ddc _cLBS1 |
||
| 999 |
_c10558 _d10558 |
||